[Event "LTU-ch"]
[Site "Kaunas"]
[Date "2018.03.07"]
[Round "8"]
[White "Bandza, Rokas"]
[Black "Makulavicius, Danielius"]
[Result "1/2-1/2"]
[WhiteElo "1701"]
[BlackElo "1524"]
[PlyCount "69"]
[EventDate "2018.03.02"]
[EventType "swiss"]
[EventRounds "9"]
[EventCountry "LTU"]
[SourceTitle "CBM 183 Extra"]
[Source "ChessBase"]
[SourceDate "2018.04.19"]
[SourceVersion "1"]
[SourceVersionDate "2018.04.19"]
[SourceQuality "1"]

1. e4 c5 2. c3 d5 3. exd5 Qxd5 4. d4 e6 5. Na3 a6 6. Nf3 cxd4 7. cxd4 Bxa3 8. Qa4+ Nc6 9. Qxa3 Qa5+ 10. Qxa5 Nxa5 11. Bf4 Nf6 12. Be2 Nd5 13. Bd6 f6 14. 0-0-0 Kf7 15. g4 Rd8 16. Bg3 b5 17. Nd2 Bb7 18. Rhe1 Nb4 19. a3 Rac8+ 20. Kb1 Nc2 21. b4 Nxe1 22. Rxe1 Nc4 23. Nxc4 bxc4 24. Rd1 e5 25. dxe5 Rxd1+ 26. Bxd1 fxe5 27. Bxe5 g6 28. Kc2 Ke6 29. Bd4 Be4+ 30. Kc3 Kd5 31. Be2 Bd3 32. Bf3+ Be4 33. Be2 Bd3 34. Bf3+ Be4 35. Be2 1/2-1/2

[Event "LTU-ch"]
[Site "Kaunas"]
[Date "2018.03.04"]
[Round "5"]
[White "Makulavicius, Danielius"]
[Black "Samodelkin, Artiom"]
[Result "0-1"]
[WhiteElo "1524"]
[BlackElo "1637"]
[PlyCount "104"]
[EventDate "2018.03.02"]
[EventType "swiss"]
[EventRounds "9"]
[EventCountry "LTU"]
[SourceTitle "CBM 183 Extra"]
[Source "ChessBase"]
[SourceDate "2018.04.19"]
[SourceVersion "1"]
[SourceVersionDate "2018.04.19"]
[SourceQuality "1"]

1. d4 Nf6 2. c4 e6 3. Bg5 c5 4. e3 h6 5. Bh4 Be7 6. Nc3 cxd4 7. exd4 0-0 8. Nf3 d6 9. Be2 b6 10. 0-0 Bb7 11. Rc1 Nbd7 12. Re1 d5 13. a3 dxc4 14. Bxc4 Re8 15. Ba2 a6 16. Bb1 Nf8 17. Ne5 Nd5 18. Bg3 Bg5 19. Rc2 f5 20. Qh5 Qe7 21. Nxd5 Bxd5 22. f4 Bf6 23. Rec1 Bxe5 24. fxe5 Ra7 25. Bf2 Qf7 26. Qxf7+ Kxf7 27. h4 Ree7 28. Rc8 Ng6 29. Rb8 Nf4 30. Rcc8 Kg6 31. g3 Nh3+ 32. Kf1 Nxf2 33. Kxf2 b5 34. Bd3 Be4 35. Bxe4 fxe4 36. Ke3 Kf5 37. Rf8+ Kg4 38. Kxe4 Kxg3 39. Rbd8 Kxh4 40. d5 exd5+ 41. Kxd5 g5 42. e6 g4 43. Kd6 g3 44. Rd7 Raxd7+ 45. exd7 Rxd7+ 46. Kxd7 h5 47. Rg8 Kh3 48. Ke6 g2 49. Kf5 h4 50. Kf4 Kh2 51. Rg4 h3 52. Kf3 g1Q 0-1

[Event "WchT Amateur"]
[Site "Kaunas"]
[Date "2016.11.26"]
[Round "7.3"]
[White "Makulavicius, Danielius"]
[Black "Jeremicius, Sarunas"]
[Result "1/2-1/2"]
[WhiteElo "1580"]
[BlackElo "1299"]
[PlyCount "84"]
[EventDate "2016.11.20"]
[EventType "team-swiss"]
[EventRounds "9"]
[EventCountry "LTU"]
[SourceTitle "CBM 175 Extra"]
[Source "ChessBase"]
[SourceDate "2016.12.12"]
[SourceVersion "1"]
[SourceVersionDate "2016.12.12"]
[SourceQuality "1"]
[WhiteTeam "Lithuania Milsa"]
[BlackTeam "Lithuania Margiris"]
[WhiteTeamCountry "LTU"]
[BlackTeamCountry "LTU"]

1. d4 f5 2. c4 e6 3. Nc3 Nf6 4. Nf3 d6 5. Qc2 Bd7 6. e4 g6 7. Bg5 Be7 8. e5 Ng8 9. Bxe7 Qxe7 10. 0-0-0 Nh6 11. exd6 cxd6 12. h4 Ng4 13. d5 e5 14. g3 b6 15. Bh3 Na6 16. Bxg4 fxg4 17. Ng5 Rc8 18. b3 b5 19. a3 bxc4 20. b4 Nc7 21. f4 Bf5 22. Qa4+ Qd7 23. Qxd7+ Kxd7 24. fxe5 dxe5 25. Rhe1 e4 26. Ncxe4 Bxe4 27. Nxe4 Rhf8 28. Nc5+ Kd6 29. Nb7+ Kd7 30. d6 Ne6 31. Nc5+ Nxc5 32. Re7+ Kc6 33. bxc5 Kxc5 34. Rxh7 a5 35. h5 gxh5 36. Rxh5+ Kb6 37. Rg5 Rf3 38. d7 Rd8 39. Rxg4 Rxa3 40. Kb2 Rd3 41. Rxd3 cxd3 42. Rd4 Kc6 1/2-1/2

[Event "WchT Amateur"]
[Site "Kaunas"]
[Date "2016.11.22"]
[Round "3.4"]
[White "Makulavicius, Danielius"]
[Black "Feofanov, Boris"]
[Result "0-1"]
[WhiteElo "1580"]
[BlackElo "1719"]
[PlyCount "154"]
[EventDate "2016.11.20"]
[EventType "team-swiss"]
[EventRounds "9"]
[EventCountry "LTU"]
[SourceTitle "CBM 175 Extra"]
[Source "ChessBase"]
[SourceDate "2016.12.12"]
[SourceVersion "1"]
[SourceVersionDate "2016.12.12"]
[SourceQuality "1"]
[WhiteTeam "Lithuania Milsa"]
[BlackTeam "Lithuania Vilnius"]
[WhiteTeamCountry "LTU"]
[BlackTeamCountry "LTU"]

1. d4 d5 2. c4 c6 3. Nf3 Nf6 4. Nc3 dxc4 5. a4 Bf5 6. e3 e6 7. Bxc4 Be7 8. 0-0 0-0 9. Re1 h6 10. Qb3 Qc7 11. e4 Bh7 12. e5 Nd5 13. Bd2 Nxc3 14. bxc3 Nd7 15. Qd1 Nb6 16. Bb3 a5 17. c4 Rfd8 18. c5 Nd5 19. Qc1 Bf8 20. Bc2 Bxc2 21. Qxc2 Ne7 22. Re4 Nf5 23. g4 Ne7 24. h4 Nd5 25. h5 f5 26. exf6 Nxf6 27. Rxe6 Qf7 28. Rae1 Nxg4 29. Kg2 Rd5 30. Rg6 Rf5 31. Rxg4 Rxf3 32. Bxh6 Rf5 33. Be3 Rxh5 34. f3 Re8 35. Re2 Qe6 36. Qg6 Qxg6 37. Rxg6 Kf7 38. Rg4 g6 39. Re4 Rd8 40. Rb2 Rd7 41. Bd2 Bg7 42. Bxa5 Bxd4 43. Rbe2 Bxc5 44. f4 Rd1 45. Be1 Rd3 46. Bg3 Ra3 47. Rd2 Rd5 48. Rc2 Ra1 49. Kh3 Ra3 50. Kg2 Be7 51. Rce2 Bf6 52. R2e3 Rxe3 53. Rxe3 Ra5 54. Re4 c5 55. Be1 Ra6 56. Kf3 Bd4 57. a5 Ra8 58. Ke2 Kf6 59. Kd3 Bg1 60. Bh4+ Kf5 61. Bg5 Rxa5 62. Re5+ Kg4 63. Kc4 b5+ 64. Kb3 Ra4 65. Re1 Bd4 66. Re6 Kf5 67. Re8 Ra1 68. Rb8 Rb1+ 69. Kc2 Rb4 70. Rf8+ Ke4 71. Re8+ Kd5 72. Rd8+ Kc4 73. Re8 Rb2+ 74. Kc1 Kc3 75. f5 gxf5 76. Bf4 Rf2 77. Bg5 Rf1+ 0-1

[Event "Kaunas Butnorius 70 op"]
[Site "Kaunas"]
[Date "2016.08.07"]
[Round "9"]
[White "Petraitis, Gintautas"]
[Black "Makulavicius, Danielius"]
[Result "1/2-1/2"]
[WhiteElo "1918"]
[BlackElo "1418"]
[PlyCount "31"]
[EventDate "2016.08.01"]
[EventType "swiss"]
[EventRounds "9"]
[EventCountry "LTU"]
[SourceTitle "CBM 173 Extra"]
[Source "ChessBase"]
[SourceDate "2016.08.29"]
[SourceVersion "1"]
[SourceVersionDate "2016.08.29"]
[SourceQuality "1"]

1. e4 e5 2. Nf3 Nc6 3. Bc4 Bc5 4. c3 Nf6 5. d4 exd4 6. cxd4 Bb4+ 7. Bd2 Bxd2+ 8. Nbxd2 0-0 9. 0-0 d6 10. h3 Na5 11. Bd3 h6 12. Re1 Re8 13. b3 a6 14. Nc4 Nxc4 15. bxc4 Bd7 16. Qc2 1/2-1/2

[Event "Kaunas Butnorius 70 op"]
[Site "Kaunas"]
[Date "2016.08.05"]
[Round "7"]
[White "Zygmanta, Eugenijus"]
[Black "Makulavicius, Danielius"]
[Result "0-1"]
[WhiteElo "1952"]
[BlackElo "1418"]
[PlyCount "58"]
[EventDate "2016.08.01"]
[EventType "swiss"]
[EventRounds "9"]
[EventCountry "LTU"]
[SourceTitle "CBM 173 Extra"]
[Source "ChessBase"]
[SourceDate "2016.08.29"]
[SourceVersion "1"]
[SourceVersionDate "2016.08.29"]
[SourceQuality "1"]

1. e4 c5 2. b3 e5 3. Bb2 Nc6 4. f4 d6 5. Qf3 Nd4 6. Bxd4 cxd4 7. c3 Nf6 8. Bc4 Qb6 9. Ne2 Bg4 10. Qd3 a6 11. a4 Be7 12. cxd4 Bxe2 13. Kxe2 Qxd4 14. Qxd4 exd4 15. Kd3 Ng4 16. Ke2 0-0 17. Na3 Rfe8 18. Kf3 Nf6 19. Rhe1 Rad8 20. Nc2 d5 21. exd5 Nxd5 22. Nxd4 Nxf4 23. Nf5 Ng6 24. Nxe7+ Rxe7 25. Rxe7 Nxe7 26. Re1 Kf8 27. Re2 Nc6 28. Ke4 f6 29. d3 Re8+ 0-1

[Event "LTU-chT"]
[Site "Lithuania"]
[Date "2016.01.23"]
[Round "1.5"]
[White "Makulavicius, Danielius"]
[Black "Barsciauskas, Gintautas"]
[Result "1/2-1/2"]
[WhiteElo "1435"]
[BlackElo "1716"]
[PlyCount "140"]
[EventDate "2016.01.23"]
[EventType "team-swiss"]
[EventRounds "7"]
[EventCountry "LTU"]
[SourceTitle "CBM 170 Extra"]
[Source "ChessBase"]
[SourceDate "2016.02.25"]
[SourceVersion "1"]
[SourceVersionDate "2016.02.25"]
[SourceQuality "1"]
[WhiteTeam "Alytus"]
[BlackTeam "Klaipeda Bokstas"]
[WhiteTeamCountry "LTU"]
[BlackTeamCountry "LTU"]

1. d4 Nf6 2. c4 g6 3. Nc3 d5 4. Nf3 Bg7 5. e3 0-0 6. Be2 c6 7. 0-0 a6 8. a4 a5 9. Qb3 e6 10. Bd2 Nbd7 11. Rac1 Nb6 12. c5 Nbd7 13. Bd3 Re8 14. e4 dxe4 15. Bxe4 e5 16. Ng5 Rf8 17. Rfd1 exd4 18. Ne2 Qe7 19. Ng3 Nxc5 20. Qa3 Nfd7 21. Re1 Qd6 22. Bb1 b6 23. Ba2 h6 24. Nxf7 Rxf7 25. Qf3 Ne5 26. Bxf7+ Nxf7 27. Re8+ Bf8 28. Rce1 Kg7 29. h4 h5 30. Bf4 Qd5 31. Be5+ Kh7 32. Qxd5 cxd5 33. Rxf8 Nxe5 34. Rxe5 Kg7 35. Rd8 Bb7 36. Rxa8 Bxa8 37. Nf1 Nxa4 38. b3 Nc5 39. Nd2 Bc6 40. f3 Kf6 41. Re1 Nd3 42. Rd1 Nb4 43. g4 hxg4 44. fxg4 d3 45. Nf3 Bd7 46. g5+ Kf5 47. Kf2 Kf4 48. h5 gxh5 49. g6 Be6 50. g7 Bg8 51. Re1 Na6 52. Re8 Bh7 53. g8Q Bxg8 54. Rxg8 Nc5 55. Rf8+ Ke4 56. Nd2+ Kd4 57. Ke1 Kc3 58. Rf4 b5 59. Kd1 b4 60. Rh4 Nxb3 61. Nxb3 Kxb3 62. Rd4 Kc3 63. Rxd5 a4 64. Rc5+ Kb2 65. Rxh5 a3 66. Rh2+ Kb1 67. Kd2 a2 68. Kxd3 a1Q 69. Rh1+ Kb2 70. Rxa1 Kxa1 1/2-1/2